小田急電鉄の駅 - Statistics

General Stats
  • This quiz has been taken 9 times
  • The average score is 56 of 70
Answer Stats
Answer % Correct
新宿
100%
南新宿
100%
代々木上原
100%
下北沢
100%
狛江
100%
登戸
100%
向ヶ丘遊園
100%
百合ヶ丘
100%
新百合ヶ丘
100%
町田
100%
海老名
100%
厚木
100%
本厚木
100%
伊勢原
100%
鶴巻温泉
100%
小田原
100%
中央林間
100%
大和
100%
湘南台
100%
藤沢
100%
片瀬江ノ島
100%
新百合ヶ丘
100%
唐木田
100%
代々木八幡
86%
東北沢
86%
豪徳寺
86%
経堂
86%
成城学園前
86%
喜多見
86%
生田
86%
読売ランド前
86%
玉川学園前
86%
相模大野
86%
小田急相模原
86%
座間
86%
東海大学前
86%
秦野
86%
螢田
86%
相模大野
86%
南林間
86%
小田急多摩センター
86%
参宮橋
71%
世田谷代田
71%
千歳船橋
71%
祖師ヶ谷大蔵
71%
和泉多摩川
71%
柿生
71%
鶴川
71%
愛甲石田
71%
渋沢
71%
新松田
71%
東林間
71%
桜ヶ丘
71%
高座渋谷
71%
本鵠沼
71%
小田急永山
71%
梅ヶ丘
57%
開成
57%
栢山
57%
足柄
57%
鶴間
57%
長後
57%
六会日大前
57%
藤沢本町
57%
鵠沼海岸
57%
黒川
57%
善行
43%
栗平
43%
はるひ野
43%
富水
29%
No matching quizzes found
Score Distribution
Percent of People with Each Score
Percentile by Number Answered
Your Score History
You have not taken this quiz